000
00299nam a22001337a 4500
082
_a
894.812.3
_b
KAV/A
100
_a
A B V KAVILPPAD
245
_a
AYIRATHONNU RAVUKAL
250
_a
5
260
_a
THRISSUR
_b
H&C PUBLISHING HOUSE
_c
2008
300
_a
96
650
_a
SHORT STORY
_z
KERALA
942
_c
BK
999
_c
1141
_d
1141